Don perfecto / (Record no. 110156)

MARC details
000 -LEADER
campo de control de longitud fija 00602nam a2200193 4500
001 - NÚMERO DE CONTROL
campo de control 110156
003 - IDENTIFICADOR DE NÚMERO DE CONTROL
campo de control ES-MaACL
007 - CAMPO FIJO DE DESCRIPCIÓN FÍSICA--INFORMACIÓN GENERAL
campo de control de longitud fija t|
008 - DATOS DE LONGITUD FIJA--INFORMACIÓN GENERAL
campo de control de longitud fija 061121s1902 sp r ||||1| spa d
100 1# - ENTRADA PRINCIPAL--NOMBRE DE PERSONA
Nombre de persona Ocantos, Carlos María.
9 (RLIN) 86453
245 10 - MENCIÓN DEL TÍTULO
Título Don perfecto /
Mención de responsabilidad, etc. Carlos María Ocantos; edición ilustrada por J. Cabrinety.
260 ## - PUBLICACIÓN, DISTRIBUCIÓN, ETC.
Lugar de publicación, distribución, etc. Barcelona :
Nombre del editor, distribuidor, etc. Montaner y Simón,
Fecha de publicación, distribución, etc. 1902.
300 ## - DESCRIPCIÓN FÍSICA
Extensión 295 p., 15 lám :
Otras características físicas il. ;
Dimensiones 24 cm.
490 1# - MENCIÓN DE SERIE
Mención de serie Novelas argentinas
700 1# - ENTRADA AGREGADA--NOMBRE PERSONAL
Nombre de persona Cabrinety, J.
9 (RLIN) 33330
830 0# - PUNTO DE ACCESO ADICIONAL DE SERIE-TÍTULO UNIFORME
Título uniforme Novelas argentinas
9 (RLIN) 233008
852 ## - LOCALIZACIÓN
Ubicación ES-MaACL
Número de control de estantería B-9525
Sublocalización o colección R.18648
Holdings
Estatus retirado Estado de pérdida Estado de daño No para préstamo Biblioteca de origen Biblioteca actual Ubicación en estantería Fecha de adquisición Fuente de adquisición Total de préstamos Signatura topográfica completa Código de barras Visto por última vez Precio de reemplazo Tipo de ítem Koha
        Biblioteca del Ateneo de Madrid Biblioteca del Ateneo de Madrid Sala Pardo Bazán 17/01/2008     B-9525 1114926 23/02/2023 23/02/2023 Libro impreso